000 00653nam a2200217Ia 4500
005 20241129105914.0
008 241129s9999||||xx |||||||||||||| ||und||
020 _a978 1 4744 6341 6
037 _aTB
040 _aARTS
_beng
_cARTS
041 _aeng
_2eng
084 _aO111,2J64:g R2
_qARTS
100 _aPlatt Peter G. Ed.
_9726616
245 0 _aShakespeare's essays: sampling montaigne from hamlet to the tempest
_cPlatt Peter G. Ed.
260 _aEdinburgh, UK
_bUniversity Press
_c2021
300 _aviii,198p.
365 _aUKP
_b24.99
650 _aEnglish Drama
942 _cTB
_hO111,2J64:g R2
999 _c1226522
_d1226522